000 01305nam0a22002771 4500
001 rc\3726505
005 20260407102210.0
021 _aRU
_b70-21479
021 _aRU
_bРг11693-70
035 _a(NLR Aleph) 007776987
090 _a7528415
_c7528415
100 _a20130115d1969 |||y0rusy50 ca
101 0 _arus
102 _aRU
105 _ay z |||||
200 1 _aСистема 4-50
_eЛенточная операционная система
_eРедактор-компоновщик
_e(Руководство)
_e(Перевод)
_fИн-т электронных управляющих машин. Центр. науч.-исслед. ин-т информации и техн.-экон. исследований приборостроения, средств автоматизации и систем управления
210 _aМосква
_cБ. и.
_d1969
215 _a[1], 141 с.
_d21
309 _aОтпеч. множит. аппаратом
532 1 1 _aСистема четыре -пятьдесят
712 0 2 _aИнститут электронных управляющих машин им. И. С. Брука
_cМосква
_3RU\NLR\AUTH\889929928
_9355430
801 0 _aRU
_bNLR
_gpsbo
801 1 _aRU
_bELAR
_2rusmarc
852 _aNLR
_j70-5/2816
942 _cBOOK
980 _aNB